Япония и современный мировой порядок; Япония: обретение места в мировом порядке; Япония в поиске ответов на изменения миропорядка; Эволюция концепции национальной безопасности Японии в меняющемся мире; Политическая система Японии: перспективы и факторы развития; Государственное регулирование в Японии и США: тенденции и перспективы; О японской модели рыночной экономики; Япония в мировом экономическом сообществе: вызовы глобализации; Влияние глобализации на японскую систему управления трудом; Япония в интернационализирующемся мире: социокультурный аспект; Японская культура в контексте глобализации: взгляд из Японии; Вклад Японии в мировую техногенную культуру; Япония и современный "технологический порядок"

Dettagli Bibliografici
Enti autori: Центр по изучению современной Японии, Японский фонд, Российская академия наук (РАН) Институт востоковедения (ИВ)
Altri autori: Жуков А. Е. (редактор), Лебедева И. П.
Lingua:russo
Pubblicazione: Москва, Восточная литература, 2002
TOC:А. Е. Жуков, Япония: обретение места в мировом порядке;
В. Н. Еремин, Япония в поиске ответов на изменения миропорядка;
М. И. Крупянко, Эволюция концепции национальной безопасности Японии в меняющемся мире;
Политическая система Японии: перспективы и факторы развития;
Д. В. Стрельцов, Государственное регулирование в Японии и США: тенденции и перспективы;
И. П. Лебедева, О японской модели рыночной экономики;
И. Л. Тимонина, Япония в мировом экономическом сообществе: вызовы глобализации;
Т. Н. Матрусова, Влияние глобализации на японскую систему управления трудом;
С. Б. Маркарьян, Япония в интернационализирующемся мире: социокультурный аспект;
Е. Л. Катасонова, Японская культура в контексте глобализации: взгляд из Японии;
С. Б. Маркарьян, Э. В. Молодякова, Вклад Японии в мировую техногенную культуру;
Ю. Д. Денисов, Япония и современный "технологический порядок";
Soggetti:
Natura: Libro
KOHA link:https://koha.lib.tpu.ru/cgi-bin/koha/opac-detail.pl?biblionumber=49042

MARC

LEADER 00000nam0a2200000 4500
001 49042
005 20231101211159.0
010 |a 5020182990 
035 |a (RuTPU)RU\TPU\book\51362 
090 |a 49042 
100 |a 20030324d2002 k y0rusy50 ca 
101 0 |a rus 
102 |a RU 
105 |a y z 000zy 
200 1 |a Япония и современный мировой порядок  |f Центр по изучению современной Японии и др.; Отв. ред. А. Е. Жуков и И. П. Лебедева 
210 |a Москва  |c Восточная литература  |d 2002 
215 |a 207 с. 
464 |t Япония: обретение места в мировом порядке  |f А. Е. Жуков 
464 |t Япония в поиске ответов на изменения миропорядка  |f В. Н. Еремин 
464 |t Эволюция концепции национальной безопасности Японии в меняющемся мире  |f М. И. Крупянко 
464 |t Политическая система Японии: перспективы и факторы развития 
464 |t Государственное регулирование в Японии и США: тенденции и перспективы  |f Д. В. Стрельцов 
464 |t О японской модели рыночной экономики  |f И. П. Лебедева 
464 |t Япония в мировом экономическом сообществе: вызовы глобализации  |f И. Л. Тимонина 
464 |t Влияние глобализации на японскую систему управления трудом  |f Т. Н. Матрусова 
464 |t Япония в интернационализирующемся мире: социокультурный аспект  |f С. Б. Маркарьян 
464 |t Японская культура в контексте глобализации: взгляд из Японии  |f Е. Л. Катасонова 
464 |t Вклад Японии в мировую техногенную культуру  |f С. Б. Маркарьян, Э. В. Молодякова 
464 |t Япония и современный "технологический порядок"  |f Ю. Д. Денисов  |a Молодякова, Э. В. 
610 1 |a политика 
610 1 |a государство 
610 1 |a Япония 
610 1 |a политическая система 
610 1 |a экономика 
610 1 |a глобализация 
610 1 |a труд 
610 1 |a управление 
610 1 |a культура 
610 1 |a техногенная культура 
686 |a Ф3(5Яп)  |v LBC/SL-A  |2 rubbk 
702 1 |a Жуков  |b А. Е.  |4 340 
702 1 |a Лебедева  |b И. П.  |4 340 
712 0 2 |a Центр по изучению современной Японии  |2 stltpush  |3 (RuTPU)RU\TPU\col\367  |9 23378 
712 0 2 |a Японский фонд  |2 stltpush  |3 (RuTPU)RU\TPU\col\2509  |9 23696 
712 0 2 |a Российская академия наук (РАН)  |b Институт востоковедения (ИВ)  |c (Москва)  |2 stltpush  |3 (RuTPU)RU\TPU\col\106 
801 1 |a RU  |b 63413507  |c 20030324  |g PSBO 
801 2 |a RU  |b 63413507  |c 20131108  |g PSBO 
900 |a Современные международные отношения 
942 |c BK